| 000 | 00670nam a2200229 a 4500 | ||
|---|---|---|---|
| 001 | 000012748 | ||
| 005 | 20200929163052.0 | ||
| 008 | 091116s1993 es 000 f spa d | ||
| 020 | _a8433909452 | ||
| 040 |
_aDO-SdBNP _bspa _cBNPHU |
||
| 082 |
_a863.64 _bG965m, 1993 |
||
| 100 | 1 |
_aGuirao, Olga, _d1956- _929534 |
|
| 245 | 1 | 0 |
_aMi querido sebastián / _cOlaga Guirao. |
| 250 | _a2a ed. | ||
| 260 |
_aBarcelona : _bAnagrama, _c1993. |
||
| 300 |
_a190 p. ; _c20 cm. |
||
| 490 | 1 |
_aNarrativas Hispánicas _v135 |
|
| 650 | 4 |
_aNovela española _91123 |
|
| 650 | 4 |
_aLiteratura española _ySIGLO XX _93326 |
|
| 830 | 0 |
_aNarrativas Hispánicas ; _v135 _921224 |
|
| 049 | _aBNGR | ||
| 999 |
_c12399 _d12399 |
||